Statistics for 2020-21 Premier League Final Table

Click here to take the quiz!

General Stats

  • This quiz has been taken 11 times
  • The average score is 18 of 20

Answer Stats

PositionTeamWonDrewLostGF/GAGDPoints% Correct
8Arsenal1871355/391661
100%
4Chelsea1910958/362267
100%
14Crystal Palace1281841/66-2544
100%
10Everton1781347/48-159
100%
5Leicester City2061268/501866
100%
3Liverpool209968/422669
100%
1Manchester City275683/325186
100%
2Manchester United2111673/442974
100%
7Tottenham Hotspur1881268/452362
100%
11Aston Villa1671555/46955
90%
16Brighton & Hove Albion9141540/46-641
90%
9Leeds United1851562/54859
90%
12Newcastle United1291746/62-1645
90%
15Southampton1271947/68-2143
90%
13Wolverhampton Wanderers1291736/52-1645
90%
17Burnley1091933/55-2239
80%
18Fulham5132027/53-2628
80%
20Sheffield United722920/63-4323
80%
6West Ham United1981162/471565
80%
19West Bromwich Albion5112235/76-4126
70%

Score Distribution

Percentile by Number Answered

Percent of People with Each Score

Your Score History

You have not taken this quiz